Statistics for Which City?

Click here to take the quiz!

General Stats

  • This quiz has been taken 35 times
  • The average score is 5 of 13

Answer Stats

Answer% Correct
Sydney
100%
New York
86%
Barcelona
54%
Moscow
49%
Auckland
37%
Bogota
37%
Vancouver
31%
Dublin
29%
Helsinki
23%
Jakarta
23%
Marseille
20%
Tehran
9%
Izhevsk
0%

Score Distribution

Percentile by Number Answered

Percent of People with Each Score

Your Score History

You have not taken this quiz